New look at modern indian history : (Record no. 10937)

MARC details
000 -LEADER
fixed length control field 00544cam a2200193ua 4500
008 - FIXED-LENGTH DATA ELEMENTS--GENERAL INFORMATION
fixed length control field 200227n ii |||gr||||Z||||||eng
020 ## - INTERNATIONAL STANDARD BOOK NUMBER
International Standard Book Number 9789352534340
040 ## - CATALOGING SOURCE
Transcribing agency MAIN
082 ## - DEWEY DECIMAL CLASSIFICATION NUMBER
Classification number 954
100 ## - MAIN ENTRY--PERSONAL NAME
Personal name B L Grover,
Relator term
245 ## - TITLE STATEMENT
Title New look at modern indian history :
Remainder of title From 1707 to the modern times /
Statement of responsibility, etc. By B L Grover and Alka Mehta .
250 ## - EDITION STATEMENT
Edition statement 32nd ed.
260 ## - PUBLICATION, DISTRIBUTION, ETC.
Place of publication, distribution, etc. New Delhi:
Name of publisher, distributor, etc. S chand and company,
Date of publication, distribution, etc. 2018.
300 ## - PHYSICAL DESCRIPTION
Extent 582p.
700 ## - ADDED ENTRY--PERSONAL NAME
Personal name Alka Mehta,
Relator term
942 ## - ADDED ENTRY ELEMENTS (KOHA)
Koha item type Books
653 ## - INDEX TERM--UNCONTROLLED
Uncontrolled term South Asia India
Holdings
Withdrawn status Lost status Damaged status Not for loan Home library Current library Shelving location Date acquired Total Checkouts Full call number Barcode Date last seen Date last checked out Copy number Price effective from Koha item type
        Central Library, Naharkatiya College Central Library, Naharkatiya College General Stacks 19/09/2020 2 954History of india | GRO 27133 13/12/2024 05/11/2024 1 19/09/2020 Books

Naharkatiya College © 2020. All rights reserved.

Powered By